V obchode so skleníkovými plynmi má Slovensko svetové prvenstvo
Slovensko sa ako prvé vo svete dohodlo na medzinárodnej transakcii so skleníkovými plynmi. Transakcia s Japonskom vytvára náskok pred ostrým otvorením trhu. Obchodovanie s emisiami oxidu uhličitého (CO2) umožňuje Kjótsky protokol. Problém okolo trhovej ceny nového produktu. Záväzky z protokolu. Rati...
Saved in:
| Main Author: | |
|---|---|
| Format: | Book Chapter |
| Language: | Slovak |
| Subjects: | |
| Tags: |
No Tags, Be the first to tag this record!
|
MARC
| LEADER | 00000naa a2200000 4500 | ||
|---|---|---|---|
| 001 | r047713 | ||
| 005 | 20230921114714.7 | ||
| 041 | 0 | |a slo | |
| 044 | |a SK | ||
| 245 | 1 | 0 | |a V obchode so skleníkovými plynmi má Slovensko svetové prvenstvo |c Katarína Začková |
| 520 | |a Slovensko sa ako prvé vo svete dohodlo na medzinárodnej transakcii so skleníkovými plynmi. Transakcia s Japonskom vytvára náskok pred ostrým otvorením trhu. Obchodovanie s emisiami oxidu uhličitého (CO2) umožňuje Kjótsky protokol. Problém okolo trhovej ceny nového produktu. Záväzky z protokolu. Ratifikácia protokolu Ruskou federáciou. | ||
| 610 | 2 | 0 | |a znečistenie ovzdušia |
| 610 | 2 | 0 | |a emisie |
| 610 | 2 | 0 | |a obchod zahraničný |
| 610 | 2 | 0 | |a ceny |
| 610 | 2 | 0 | |a Slovensko |
| 610 | 2 | 0 | |a Japonsko |
| 610 | 2 | 0 | |a Kjótsky protokol |
| 100 | 1 | |a Začková, Katarína | |